|
|
|
|
| LEADER |
00000nab a2200000 a 4500 |
| 001 |
vtls011110471 |
| 003 |
SK-MaSNL |
| 005 |
20260303150422.0 |
| 008 |
230222|2007 xo |||||||||||||||||slo| |
| 015 |
|
|
|a SNBRB
|
| 035 |
|
|
|a (uuid)c10bc1d1-7248-4311-a293-83212b3e3ecc
|
| 035 |
|
|
|a (urnnbn)urn:nbn:sk:snk:ar-a08e7p
|
| 035 |
|
|
|a urn:nbn:sk:snk-ab9gz3
|
| 040 |
|
|
|a SNKBUCL
|b slo
|c SNKBUCL
|e AACR2
|
| 041 |
0 |
|
|a slo
|
| 044 |
|
|
|a xo
|c SK
|
| 100 |
1 |
|
|a Rašla, Vladimír
|4 aut
|9 1169371
|
| 245 |
1 |
0 |
|a EFEKTÍVNA INTERNÁ KRÍZOVÁ KOMUNIKÁCIA
|c Vladimír Rašla, Peter Sakál
|
| 246 |
3 |
|
|a EFFECTIVE INTERNAL CRISIS COMMUNICATION
|
| 700 |
1 |
|
|a Sakál, Peter,
|d 1951-
|4 aut
|9 207822
|
| 773 |
0 |
|
|t Vedecké práce Materiálovotechnologickej fakulty Slovenskej technickej univerzity v Bratislave so sídlom v Trnave
|g Č. 22 (2007), s. 123-128
|
| 954 |
|
|
|a odborná, vedecká literatúra pôvodná (slovenská)
|2 lita
|
| 958 |
|
|
|a OND
|
| 958 |
|
|
|a EUIPO
|
| 958 |
|
|
|a article13
|
| 999 |
|
|
|c 2010526
|d 2012456
|